| 000 | 01563nam a2200469 i 4500 | ||
|---|---|---|---|
| 001 | 51371 | ||
| 003 | KOSZ 005 | ||
| 005 | 20220421090441.0 | ||
| 008 | 050505s2005 pl a |000 0 pol | ||
| 015 | _aUWD 2005/8922 | ||
| 020 | _a8372075131 | ||
| 035 | _a991026852619705066 | ||
| 035 | _a(PL-WaBN)b1729065x-48omnis_nlop | ||
| 035 | _ab1729065x | ||
| 035 | _a(OCoLC)749502084 | ||
| 035 | _a(PL)b0000001729065 | ||
| 035 | _a(EXLNZ-48OMNIS_NETWORK)9910450553205606 | ||
| 040 |
_aWA N _cWA N _dKOSZ 005/HR |
||
| 041 | 0 | _apol | |
| 046 | _k2005 | ||
| 080 | _a628.3 | ||
| 080 | _a579.8 | ||
| 080 | _a546.1/.2 | ||
| 080 | _a577 | ||
| 100 | 1 |
_aSzewczyk, Krzysztof W. _d(1952-2011) _eAutor |
|
| 245 | 1 | 0 |
_aBiologiczne metody usuwania związków azotu ze ścieków / _cKrzysztof W. Szewczyk. |
| 260 |
_aWarszawa : _bOficyna Wydawnicza Politechniki Warszawskiej, _c2005. |
||
| 300 |
_a114 s. : _brys., wykr. ; _c24 cm. |
||
| 336 |
_aTekst _btxt _2rdacontent |
||
| 337 |
_aBez urządzenia pośredniczącego _bn _2rdamedia |
||
| 338 |
_aWolumin _bnc _2rdacarrier |
||
| 380 | _aKsiążki | ||
| 388 | _a2001- | ||
| 504 | _aBibliogr. s. 99-114. | ||
| 650 | 7 |
_aNitryfikacja i denitryfikacja _2DBN |
|
| 650 | 7 |
_aBiologiczna oczyszczalnia ścieków _2DBN |
|
| 658 | _aInżynieria i technika | ||
| 710 | 2 |
_aOficyna Wydawnicza Politechniki Warszawskiej _4pbl |
|
| 856 |
_uhttp://koha.tu.koszalin.pl/cgi-bin/koha/opac-detail.pl?biblionumber=51371 _yKatalog online BPK |
||
| 942 |
_2UKD _cKS |
||
| 999 |
_c51371 _d51371 |
||